All Multiverse Movies Ever. - Statistics

General Stats
  • This quiz has been taken 28 times
  • The average score is 10 of 81
Answer Stats
Year Movie % Correct
2019 Avengers: Endgame
84%
2022 Doctor Strange in the Multiverse of Madness
74%
2022 Everything Everywhere All at Once
68%
2018 Spider-Man: Into the Spider-Verse
63%
2021 Spider-Man: No Way Home
63%
2023 Spider-Man: Across the Spider-Verse
58%
2023 Ant-Man and the Wasp: Quantumania
37%
1985 Back to the Future
37%
2023 The Flash
32%
2021 Venom: Let There Be Carnage
32%
2023 The Marvels
26%
2014 X-Men: Days of Future Past
26%
2018 Deadpool 2
21%
2024 Deadpool and Wolverine
21%
2019 Spider-Man: Far From Home
21%
1989 Back to the Future Part II
16%
1990 Back to the Future Part III
16%
2009 Mr. Nobody
16%
1998 Sliding Doors
16%
1984 The Terminator
16%
2011 Another Earth
11%
2013 Coherence
11%
2006 Deja Vu
11%
2001 Donnie Darko
11%
2014 Edge of Tomorrow
11%
2000 Escaflowne
11%
1994 Fatherland
11%
2012 Men in Black 3
11%
2007 Next
11%
2018 Parallel
11%
1998 Run Lola Run
11%
2010 Shrek: Forever After
11%
2011 Source Code
11%
2004 The Butterfly Effect
11%
2018 The Cloverfield Paradox
11%
2000 The Family Man
11%
2007 The Golden Compass
11%
2007 The Mist
11%
2001 The One
11%
2014 Time Lapse
11%
1995 Jumanji
5%
2019 Jumanji: The Next Level
5%
2017 Jumanji: Welcome to the Jungle
5%
1993 Last Action Hero
5%
2015 Parallels
5%
1993 Super Mario Bros.
5%
1992 Terminator 2: Judgement Day
5%
2015 Terminator: Genisys
5%
1998 The Lake
5%
2023 The Super Mario Bros. Movie
5%
2010 What If
5%
2019 Yesterday
5%
2007 Cinderella III: A Twist in Time
0%
2020 Crisis on Infinite Earths
0%
1996 Crossworlds
0%
2022 Disenchanted
0%
1993 Doorways
0%
1969 Doppelganger
0%
2007 Enchanted
0%
2009 Garfield's Pet Force
0%
2021 Injustice
0%
2019 Isn't it Romantic?
0%
1987 Julia and Julia
0%
2010 Justice League: Crisis on Two Earths
0%
2015 Justice League: Gods and Monsters
0%
2013 Justice League: The Flashpoint Paradox
0%
2021 Justice Society: World War II
0%
2010 Maximum Shame
0%
2000 Oshikiri
0%
2010 Paradox
0%
2011 Phineas and Ferb: The Movie: Across the 2nd Dimension
0%
2000 Pokemon 3: The Movie
0%
1983 Prisoners of the Lost Universe
0%
1971 Quest For Love
0%
2006 The Butterfly Effect 2
0%
1973 The Stranger
0%
1994 Timecop
0%
2003 Timecop 2: The Berlin Decision
0%
2015 Tomorrowland
0%
2009 Turtles Forever
0%
2003 Webs
0%
No matching quizzes found
Score Distribution
Percent of People with Each Score
Percentile by Number Answered
Your Score History
You have not taken this quiz